NFL - Every Starting QB of the 2000's - Statistics

General Stats
  • This quiz has been taken 159 times
  • The average score is 106 of 256
Answer Stats
Team GS QB % Correct
49ers 40 Alex Smith
85%
Giants 87 Eli Manning
83%
Patriots 127 Tom Brady
83%
Colts 160 Peyton Manning
82%
Ravens 2 Troy Smith
82%
Bengals 13 Akili Smith
81%
Chargers 58 Drew Brees
81%
Saints 63 Drew Brees
81%
Cowboys 55 Tony Romo
80%
Packers 32 Aaron Rodgers
79%
Cardinals 57 Kurt Warner
78%
Giants 9 Kurt Warner
78%
Rams 33 Kurt Warner
78%
Bengals 77 Carson Palmer
77%
Jets 16 Brett Favre
76%
Packers 128 Brett Favre
76%
Vikings 16 Brett Favre
76%
Falcons 67 Michael Vick
76%
Titans 39 Vince Young
76%
Buccaneers 49 Brad Johnson
75%
Commanders 11 Brad Johnson
75%
Cowboys 3 Brad Johnson
75%
Vikings 23 Brad Johnson
75%
Chargers 64 Philip Rivers
75%
Bills 48 Drew Bledsoe
74%
Cowboys 22 Drew Bledsoe
74%
Patriots 18 Drew Bledsoe
74%
Bears 16 Jay Cutler
74%
Broncos 37 Jay Cutler
74%
Bills 19 Rob Johnson
74%
Buccaneers 2 Rob Johnson
74%
Steelers 76 Ben Roethlisberger
73%
Eagles 136 Donovan McNabb
73%
Falcons 11 Doug Johnson
73%
Buccaneers 4 Josh Johnson
73%
Giants 3 Jesse Palmer
71%
Ravens 32 Joe Flacco
71%
Falcons 30 Matt Ryan
70%
Panthers 4 David Carr
68%
Texans 75 David Carr
68%
49ers 61 Jeff Garcia
67%
Browns 10 Jeff Garcia
67%
Buccaneers 24 Jeff Garcia
67%
Eagles 6 Jeff Garcia
67%
Lions 5 Jeff Garcia
67%
Lions 10 Matthew Stafford
66%
Falcons 2 Matt Schaub
64%
Texans 38 Matt Schaub
64%
Dolphins 4 Daunte Culpepper
63%
Lions 10 Daunte Culpepper
63%
Raiders 6 Daunte Culpepper
63%
Vikings 80 Daunte Culpepper
63%
Panthers 77 Jake Delhomme
63%
Jets 15 Mark Sanchez
63%
Bears 30 Rex Grossman
63%
Dolphins 19 Chad Pennington
62%
Jets 61 Chad Pennington
62%
Seahawks 117 Matt Hasselbeck
61%
Bengals 12 Ryan Fitzpatrick
61%
Bills 8 Ryan Fitzpatrick
61%
Rams 3 Ryan Fitzpatrick
61%
Ravens 22 Steve McNair
61%
Titans 82 Steve McNair
61%
Browns 37 Tim Couch
60%
Raiders 25 JaMarcus Russell
59%
49ers 6 Trent Dilfer
59%
Browns 11 Trent Dilfer
59%
Ravens 8 Trent Dilfer
59%
Seahawks 12 Trent Dilfer
59%
Chiefs 88 Trent Green
58%
Dolphins 5 Trent Green
58%
Rams 6 Trent Green
58%
Raiders 58 Rich Gannon
57%
Cowboys 15 Vinny Testaverde
56%
Jets 43 Vinny Testaverde
56%
Panthers 6 Vinny Testaverde
56%
Commanders 33 Mark Brunell
55%
Jaguars 49 Mark Brunell
55%
Saints 1 Mark Brunell
55%
Bengals 43 Jon Kitna
54%
Lions 36 Jon Kitna
54%
Seahawks 12 Jon Kitna
54%
Buccaneers 9 Josh Freeman
54%
Giants 61 Kerry Collins
53%
Raiders 28 Kerry Collins
53%
Titans 25 Kerry Collins
53%
Broncos 44 Jake Plummer
52%
Cardinals 46 Jake Plummer
52%
Commanders 3 Todd Collins
52%
Cowboys 11 Troy Aikman
52%
Dolphins 13 Chad Henne
51%
Bears 30 Kyle Orton
51%
Broncos 15 Kyle Orton
51%
Chiefs 15 Matt Cassel
51%
Patriots 15 Matt Cassel
51%
Jaguars 62 David Garrard
50%
Bears 7 Kordell Stewart
50%
Steelers 32 Kordell Stewart
50%
Buccaneers 3 Byron Leftwich
49%
Falcons 2 Byron Leftwich
49%
Jaguars 44 Byron Leftwich
49%
Browns 34 Derek Anderson
48%
Bills 5 Doug Flutie
48%
Chargers 22 Doug Flutie
48%
Vikings 19 Tarvaris Jackson
48%
Rams 95 Marc Bulger
47%
Commanders 5 Tim Hasselbeck
47%
Browns 12 Brady Quinn
46%
Broncos 1 Jarious Jackson
46%
Bears 3 Jonathan Quinn
46%
Jaguars 1 Jonathan Quinn
46%
Cardinals 19 Josh McCown
46%
Raiders 9 Josh McCown
46%
Browns 4 Luke McCown
46%
Buccaneers 3 Luke McCown
46%
Raiders 8 Aaron Brooks
45%
Saints 82 Aaron Brooks
45%
Commanders 52 Jason Campbell
44%
Chiefs 1 Warren Moon
44%
Bears 6 Brian Griese
43%
Broncos 38 Brian Griese
43%
Buccaneers 16 Brian Griese
43%
Dolphins 5 Brian Griese
43%
Dolphins 11 Joey Harrington
43%
Falcons 10 Joey Harrington
43%
Lions 44 Joey Harrington
43%
Bills 33 J.P. Losman
42%
Cardinals 17 Matt Leinart
41%
49ers 16 Shaun Hill
41%
Chargers 9 Ryan Leaf
40%
Cowboys 3 Ryan Leaf
40%
Lions 24 Charlie Batch
39%
Steelers 5 Charlie Batch
39%
Cowboys 31 Quincy Carter
38%
Jets 3 Quincy Carter
38%
Steelers 32 Tommy Maddox
38%
Bears 13 Chris Chandler
37%
Falcons 27 Chris Chandler
37%
Rams 2 Chris Chandler
37%
Lions 7 Dan Orlovsky
36%
Chargers 5 Jim Harbaugh
36%
Bills 30 Trent Edwards
36%
Rams 4 Kyle Boller
35%
Ravens 42 Kyle Boller
35%
Panthers 8 Matt Moore
35%
Cowboys 3 Randall Cunningham
34%
Ravens 2 Randall Cunningham
34%
Chiefs 15 Elvis Grbac
33%
Ravens 14 Elvis Grbac
33%
Buccaneers 16 Shaun King
33%
Cardinals 2 Shaun King
33%
Broncos 5 Steve Beuerlein
33%
Panthers 16 Steve Beuerlein
33%
Broncos 1 Chris Simms
31%
Buccaneers 15 Chris Simms
31%
Titans 1 Chris Simms
31%
Bills 8 Kelly Holcomb
31%
Browns 12 Kelly Holcomb
31%
Vikings 3 Kelly Holcomb
31%
Seahawks 14 Seneca Wallace
31%
Dolphins 8 A.J. Feeley
30%
Eagles 7 A.J. Feeley
30%
Bengals 3 Gus Frerotte
30%
Broncos 7 Gus Frerotte
30%
Dolphins 15 Gus Frerotte
30%
Rams 3 Gus Frerotte
30%
Vikings 13 Gus Frerotte
30%
Chiefs 20 Damon Huard
29%
Dolphins 1 Damon Huard
29%
Eagles 2 Kevin Kolb
29%
Seahawks 4 Brock Huard
28%
Eagles 2 Koy Detmer
27%
Lions 4 Ty Detmer
27%
49ers 1 Chris Weinke
26%
Panthers 18 Chris Weinke
26%
Cardinals 2 Dave Brown
25%
Browns 8 Doug Pederson
25%
Bears 23 Jim Miller
25%
49ers 16 Tim Rattay
25%
Buccaneers 2 Tim Rattay
25%
Bears 9 Cade McNown
23%
Dolphins 8 Cleo Lemon
23%
Steelers 1 Dennis Dixon
23%
Cowboys 1 Drew Henson
23%
Commanders 24 Patrick Ramsey
23%
Lions 1 Drew Stanton
22%
Dolphins 52 Jay Fielder
22%
Commanders 7 Jeff George
22%
Panthers 15 Rodney Peete
22%
Chiefs 11 Tyler Thigpen
22%
Chiefs 10 Brodie Croyle
21%
Browns 1 Bruce Gradkowski
21%
Buccaneers 11 Bruce Gradkowski
21%
Raiders 4 Bruce Gradkowski
21%
Browns 18 Charlie Frye
21%
Raiders 3 Charlie Frye
21%
Seahawks 1 Charlie Frye
21%
Dolphins 4 John Beck
21%
Eagles 7 Mike McMahon
21%
Lions 7 Mike McMahon
21%
Falcons 6 Chris Redman
20%
Ravens 6 Chris Redman
20%
Cardinals 13 Jeff Blake
20%
Ravens 10 Jeff Blake
20%
Saints 11 Jeff Blake
20%
Bears 5 Chad Hutchinson
19%
Cowboys 9 Chad Hutchinson
19%
49ers 10 Ken Dorsey
19%
Browns 3 Ken Dorsey
19%
Commanders 14 Tony Banks
19%
Ravens 8 Tony Banks
19%
Texans 3 Tony Banks
19%
Bills 8 Alex Van Pelt
18%
Titans 3 Neil O'Donnell
18%
Dolphins 2 Sage Rosenfels
18%
Texans 10 Sage Rosenfels
18%
Titans 10 Billy Volek
16%
49ers 8 J.T. O'Sullivan
16%
Cowboys 5 Anthony Wright
15%
Ravens 14 Anthony Wright
15%
Raiders 2 Marques Tuiasosopo
15%
Chargers 2 Moses Moreno
15%
Raiders 9 Andrew Walter
14%
Rams 7 Jamie Martin
14%
Bengals 5 Scott Mitchell
14%
Bears 8 Shane Matthews
14%
Commanders 7 Shane Matthews
14%
Dolphins 6 Ray Lucas
13%
Browns 1 Spergon Wynn
13%
Vikings 2 Spergon Wynn
13%
Lions 1 Stoney Case
13%
Bills 1 Brian Brohm
12%
Broncos 2 Danny Kanell
12%
Falcons 1 Danny Kanell
12%
Jets 9 Brooks Bollinger
11%
Vikings 1 Brooks Bollinger
11%
Cardinals 1 John Navarre
11%
Steelers 5 Kent Graham
10%
Commanders 4 Danny Wuerffel
9%
Jaguars 4 Quinn Gray
9%
Raiders 8 Rich Mirer
9%
Bears 5 Craig Krenzel
8%
Panthers 1 Matt Lytle
8%
Texans 2 Dave Ragone
7%
Rams 1 Brock Berlin
6%
Cowboys 2 Cliint Stoerner
6%
49ers 2 Cody Pickett
6%
Falcons 4 Kurt Kittner
5%
Rams 1 Scott Covington
5%
Bears 1 Henry Burris
4%
Jets 9 Kellen Clemons
4%
Titans 1 Matt Mauck
4%
Panthers 1 Randy Fasani
4%
Rams 4 Keith Null
3%
Saints 3 Todd Bauman
3%
Vikings 3 Todd Bauman
3%
No matching quizzes found
Score Distribution
Percent of People with Each Score
Percentile by Number Answered
Your Score History
You have not taken this quiz